Năng lượng mới số 63

Nội dung số này trình bày: PETROVIETNAM trao 40 tỉ đồng xây dựng quỹ vắc-xin phòng chống covid-19; Thanh Hóa luôn đồng hành cùng PETROVIETNAM; PVFCCo tăng tiêu thụ phân bón trong đại dịch; kỹ sư trẻ dân thân, học hỏi từ thực tế...

সম্পূর্ণ বিবরণ

সংরক্ষণ করুন:
গ্রন্থ-পঞ্জীর বিবরন
বিন্যাস: গ্রন্থ
ভাষা:Vietnamese
প্রকাশিত: H. Hội dầu khí Việt Nam 2021
বিষয়গুলি:
ট্যাগগুলো: ট্যাগ যুক্ত করুন
কোনো ট্যাগ নেই, প্রথমজন হিসাবে ট্যাগ করুন!
Thư viện lưu trữ: Thư viện Trường Đại học Nam Cần Thơ
LEADER 01102nam a22002177a 4500
001 NCT_113132
008 220304b xxu||||| |||| 00| 0 vie d
999 |c 5759  |d 5759 
041 0 |a vie 
082 0 4 |2 23rd ed.  |a 333.79  |b N116L 
245 0 0 |a Năng lượng mới  |n số 63  |c Hội dầu khí Việt Nam 
260 |a H.  |b Hội dầu khí Việt Nam  |c 2021 
300 |c 28cm 
310 |a Phát hành thứ ba hàng tuần 
362 |a 15/06/2021 
520 3 |a Nội dung số này trình bày: PETROVIETNAM trao 40 tỉ đồng xây dựng quỹ vắc-xin phòng chống covid-19; Thanh Hóa luôn đồng hành cùng PETROVIETNAM; PVFCCo tăng tiêu thụ phân bón trong đại dịch; kỹ sư trẻ dân thân, học hỏi từ thực tế  
653 |a Công nghệ kỹ thuật ô tô 
655 |a Tạp chí 
942 |2 ddc  |c CR 
952 |0 0  |1 0  |2 ddc  |4 0  |6 333_790000000000000_N116L  |7 0  |9 23268  |a 000001  |b 000001  |d 2022-04-25  |o 333.79 N116L  |r 2022-04-25  |w 2022-04-25  |y CR 
980 |a Thư viện Trường Đại học Nam Cần Thơ